LEADER 02539nas a2200505 u 4500 001 000000013227 003 CaOOAMICUS 005 20140507112031.0 008 941114u19269999be qrzp u0 u fre u 022 $a0021-0978 035 $a10317285 040 $aDLC$bita$cMnMULS$dNIC$dMBTI$dm.c.$dOCoLC$dAIP$dDLC$dNST 041 0 $afre$beng 042 $ansdp$alc 130 0 $aIrénikon $g[Spogli].$0(OLS)http://pul/title/19097 245 10$aIrénikon /$cbulletin mensuel des moines de l'Union des églises. 260 $aAmay [Belgium] :$bL'Union 300 $av. : ;$c22 cm 310 $aQuarterly,$b1946- 321 $aIrregular,$b1940-45 362 1 $aBegan in avril 1926. 500 $aDescription based on: T. 3, no 4 (juil. 1927); title from cover. 510 2 $aNew Testament abstracts$x0028-6877 510 2 $aReligion index one. Periodicals$x0149-8428$b1963- 546 $aIn French; summaries in English, 3e trimestre 1971- 550 $aVols. for 1955-<1960> issued by Prieuré Bénédictin d'Amay; <1961-> by Monastère bénédictin, Chevetogne, Belgique. 555 $aIndexes: Vol. 17 (1940)-v. 19 (1946) in v. 19. 580 $aPart of t. 2 (1927) and all of t. 4 (1928) constitute: Irénikon. Collection. 580 $aVols. for 1932-33 accompanied by monographs issued in parts. 580 $aVols. for 1937-40 accompanied by unnumbered and undated supplements with title: Bulletin d'Irénikon. 610 20$aCatholic Church$xRelations$xPeriodicals.$2//eng$0(OLS)http://pul/subject/9658 650 0$aReligion$xPeriodicals.$2//eng$0(OLS)http://pul/subject/5490 650 0$aChristian union$xPeriodicals.$2//eng$0(OLS)http://pul/subject/9659 650 0$aEcumenical movement$xPeriodicals.$2//eng$0(OLS)http://pul/subject/9660 710 2 $aUnion des églises (Amay, Belgium).$0(OLS)http://pul/name/12487 710 2 $aMonastère Bénédictin (Chevetogne, Belgium).$0(OLS)http://pul/name/12489 710 2 $aPrieuré bénédictin d'Amay.$0(OLS)http://pul/name/12488 770 1 $tIrénikon. Bulletin d'Irénikon$g1937-40 850 $aPUL 852 $aPUL$W1$xDP1 Riviste Correnti$y15$m3-129/DP1355 A$j18656$nSE-PRI$bV.25 (1952)-v.30 (1957), v.32 (1959)-$qPeriodici$B18656$CPULBib$Z2$F18656 $82 941 1 $a5 961 $aPrecedente collocazione delle annate correnti: SL281.05 Riv.2 996 $6022$a0021-0978$9(OLS)http://pul/number/16923 996 $6245$aIrénikon$9(OLS)http://pul/title/19099 996 $6260$aAmay [Belgium] :$bL'Union$9(OLS)http://pul/publisher/53931 LEADER 01457nam a2200337 a 4500 001 000000130128 003 CaOOAMICUS 005 20120913161953.0 008 120913s2012 it ab u000 u ita r 040 $aPUL$bita 041 1 $aita$heng 082 04$a940.1 100 1 $aNicolle, David,$d1944-$0(OLS)http://pul/name/53274 240 10$aTeutonic knights, 1190-1561.$lItaliano.$0(OLS)http://pul/title/164466 245 12$aI cavalieri della Croce nera /$cDavid Nicolle ; illustrazioni di Graham Turner. 260 $aMilano :$bRBA Italia,$c2012. 300 $a72 p. :$bill., c. geogr. ;$c25 cm. 490 1 $aBiblioteca Osprey Medioevo ;$v27 500 $aPubblicazione periodica settimanale. 500 $aSulla cop.: Osprey Publishing. 610 24$aOrdine teutonico$xStoria$ySec. XII-XVI.$0(OLS)http://pul/subject/38931 650 4$aOrdini cavallereschi$yEvo medio.$0(OLS)http://pul/subject/29827 700 1 $aTurner, Graham.$0(OLS)http://pul/name/82283 830 0$aBiblioteca Osprey Medioevo ;$v27.$0(OLS)http://pul/title/162235 850 $aPUL 852 $aPUL$W1$xDP2 Filosofia 3$y112$m940. 1 COLL 3.27$j150658$qDDC 21$q $B149220$CPULBib$Z2$F149220 $H120665 $81 941 1 $a9 996 $6082$a940.1$9(OLS)http://pul/classification/198 996 $6245$aI cavalieri della Croce nera$9(OLS)http://pul/title/164467 996 $6260$aMilano :$bRBA Italia$9(OLS)http://pul/publisher/80118